| 000 | 00801nam a2200217Ii 4500 | ||
|---|---|---|---|
| 003 | JO-AjNU | ||
| 008 | 230605s9999||||xx |||||||||||||| ||und|| | ||
| 017 | _a2021/10/5970 | ||
| 020 | _a978-9957-94-733-0 | ||
| 040 |
_aJO-AjNU _bara _erda _cJO-AjNU |
||
| 041 | _aara | ||
| 050 | 1 | 4 | _aLA1471 2021 |
| 100 | 3 |
_aالرفوع، هاني حمود , _eauthor _963781 |
|
| 245 | 0 | 0 | _aقراءات في سيرة الرعيل الأول عمر العناني(1928-1933) |
| 264 | 3 | 1 | _aعمان: وزارة الثقافه، 2021 |
| 300 |
_a197ص _bاصدارات مئوية الدولة الاردنية 2021/ يشتمل على ملاحق |
||
| 336 |
_atext _btxt _2rdacontent |
||
| 337 |
_aunmediated _bn _2rdamedia |
||
| 338 |
_avolume _bnc _2rdacarrier |
||
| 650 | 4 |
_aتراجم التربويون _963782 |
|
| 999 |
_aA28949 _c32517 _d32517 |
||